| Tag |
First Indicator |
Second Indicator |
Subfields |
| LEADER |
00000cam a2200000I 4500 |
| 001 |
in00002030521 |
| 005 |
20151101050637.0 |
| 008 |
730817t19621952nyuac 000 0beng |
| 010 |
|
|
|a 63005318
|
| 035 |
|
|
|a (OCoLC)ocm00679542
|
| 040 |
|
|
|a DLC
|c TOL
|d OCL
|d OCLCQ
|d TXA
|d UtOrBLW
|
| 049 |
|
|
|a TXAM
|
| 050 |
0 |
0 |
|a ND553.C33
|b S38 1962
|
| 100 |
1 |
|
|a Cézanne, Paul,
|d 1839-1906.
|
| 245 |
1 |
0 |
|a Paul Cezanne /
|c Text by Meyer Schapiro.
|
| 250 |
|
|
|a [2d ed., with corrections].
|
| 264 |
|
1 |
|a New York :
|b Abrams,
|c [1962]
|
| 264 |
|
4 |
|c [©1952]
|
| 300 |
|
|
|a 126 pages :
|b illustrations (part mounted color) portraits ;
|c 33 cm.
|
| 336 |
|
|
|a text
|b txt
|2 rdacontent
|
| 337 |
|
|
|a unmediated
|b n
|2 rdamedia
|
| 338 |
|
|
|a volume
|b nc
|2 rdacarrier
|
| 490 |
1 |
|
|a The library of great painters
|
| 536 |
|
|
|a From the estate of Gilbert and Thyra Plass, January 2005.
|
| 700 |
1 |
|
|a Schapiro, Meyer,
|d 1904-1996.
|
| 830 |
|
0 |
|a Library of great painters.
|
| 948 |
|
|
|a cataloged
|b h
|c 2005/3/3
|d c
|e jgreene
|f 2:40:31 pm
|
| 994 |
|
|
|a E0
|b TXA
|
| 999 |
|
|
|a MARS
|
| 999 |
f |
f |
|s 95e3763e-a5a2-31e0-b853-e4073c1c86c6
|i 3635e639-0661-3536-869b-f35808cb5980
|t 0
|
| 952 |
f |
f |
|p ric
|a Texas A&M University
|b Rellis Campus
|c Joint Library Facility
|d Remote Storage
|t 0
|e ND553.C33 S38 1962
|f Oversize
|h Library of Congress classification
|i unmediated -- volume
|m A14832327689
|
| 998 |
f |
f |
|a ND553.C33 S38 1962
|t 0
|l Remote Storage
|